<?xml version="1.0" encoding="UTF-8"?><?xml-stylesheet type="text/xsl" href="static/style.xsl"?><OAI-PMH xmlns="http://www.openarchives.org/OAI/2.0/" xmlns:xsi="http://www.w3.org/2001/XMLSchema-instance" xsi:schemaLocation="http://www.openarchives.org/OAI/2.0/ http://www.openarchives.org/OAI/2.0/OAI-PMH.xsd"><responseDate>2026-04-30T05:22:02Z</responseDate><request verb="GetRecord" identifier="oai:uvadoc.uva.es:10324/72276" metadataPrefix="marc">https://uvadoc.uva.es/oai/request</request><GetRecord><record><header><identifier>oai:uvadoc.uva.es:10324/72276</identifier><datestamp>2024-12-17T12:34:16Z</datestamp><setSpec>com_10324_38</setSpec><setSpec>col_10324_787</setSpec></header><metadata><record xmlns="http://www.loc.gov/MARC21/slim" xmlns:doc="http://www.lyncode.com/xoai" xmlns:xsi="http://www.w3.org/2001/XMLSchema-instance" xmlns:dcterms="http://purl.org/dc/terms/" xsi:schemaLocation="http://www.loc.gov/MARC21/slim http://www.loc.gov/standards/marcxml/schema/MARC21slim.xsd">
<leader>00925njm 22002777a 4500</leader>
<datafield tag="042" ind1=" " ind2=" ">
<subfield code="a">dc</subfield>
</datafield>
<datafield tag="720" ind1=" " ind2=" ">
<subfield code="a">García Carretero, Álvaro</subfield>
<subfield code="e">author</subfield>
</datafield>
<datafield tag="260" ind1=" " ind2=" ">
<subfield code="c">2023</subfield>
</datafield>
<datafield tag="520" ind1=" " ind2=" ">
<subfield code="a">La planta de digestión anaerobia y producción de biometano a partir de biogás tiene una capacidad de generación de 1.000 Nm3/h de biogás (aprox. 600 Nm3/h de biometano). La producción va a depender de la parcela disponible.&#xd;
La digestión anaerobia se va a llevar a cabo a partir de residuos agrícolas, alimentarios y ganaderos de la zona, intentando además de revalorizar estos residuos, darle una nueva utilización mediante un proceso de separación sólido-líquido y posterior compostaje.&#xd;
Una vez haya finalizado el proceso de digestión, el metano sucio generado en los digestores se va a introducir en un equipo de filtración por membranas (upgrading) para conseguir una pureza en metano de un 98-99 % y su posterior inyección a la red nacional de gas.&#xd;
El proyecto que se pretende realizar y presentar busca la novedad y utilidad del mismo. Ya que cada vez más existe un problema para la gestión de los residuos agrícolas y ganaderos. Además, la prohibición del uso de los abonos minerales y la gestión adecuada de las balsas de purín ofrece a este tipo de proyectos una ventaja competitiva.</subfield>
</datafield>
<datafield tag="024" ind2=" " ind1="8">
<subfield code="a">https://uvadoc.uva.es/handle/10324/72276</subfield>
</datafield>
<datafield tag="245" ind1="0" ind2="0">
<subfield code="a">Planta de digestión anaerobia y generación de biometano cercana a la vega del río Esla (León)</subfield>
</datafield>
</record></metadata></record></GetRecord></OAI-PMH>